American potato yearbook ...

Bibliographic Details
Format: Journal
Language:English
Published: New York : American potato yearbook.
Subjects:
Online Availability: Check for online availability

MARC

Tag First Indicator Second Indicator Subfields
LEADER 00000cas a2200000 4500
001 in00000035551
005 20151007062032.0
008 750726c19489999nyuuu1p y 0uuua0eng d
010 |a  60002827  
012 |a 3 
022 0 |a 0065-9789 
035 |a (OCoLC)01480595 
035 |9 AAD3797AM 
040 |a MUL  |c MUL  |d UCU  |d IUL  |d NYG  |d DLC  |d NSD  |d TXA  |d UtOrBLW 
042 |a lc  |a nsdp 
043 |a n-us--- 
049 |a TXAE  |y 1948-52 [213097]  |y 1953-59 [323666]  |y 1959  |y 1960 
050 0 0 |a SB211.P8  |b A57 
082 0 |a 633.491 
092 |a 633.491058  |b A512a 
222 0 |a American potato yearbook 
245 0 0 |a American potato yearbook ... 
264 1 |a New York :  |b American potato yearbook. 
300 |a  volumes :  |b illustrations ;  |c 24 cm. 
336 |a text  |b txt  |2 rdacontent 
337 |a unmediated  |b n  |2 rdamedia 
338 |a volume  |b nc  |2 rdacarrier 
362 0 |a 1948- 
550 |a Endorsed by The Potato association of America, formerly National Potato association of America. 
650 0 |a Potatoes  |x Periodicals. 
999 |a MARS 
999 f f |s 6796cc12-3dc7-3aff-ae63-7e5baeeab67a  |i 1204bcdb-b2bf-3715-b086-bb411c942233  |t 0 
952 f f |p ric  |a Texas A&M University  |b Rellis Campus  |c Joint Library Facility  |d Remote Storage  |t 0  |e SB211.P8 A57a  |h Library of Congress classification  |i unmediated -- volume  |l 1948-1952  |m A14828834991 
952 f f |p ric  |a Texas A&M University  |b Rellis Campus  |c Joint Library Facility  |d Remote Storage  |t 0  |e SB211.P8 A57a  |h Library of Congress classification  |i unmediated -- volume  |l 1953-1959  |m A14828835036 
952 f f |p ric  |a Texas A&M University  |b Rellis Campus  |c Joint Library Facility  |d Remote Storage  |t 0  |e SB211.P8 A57a  |h Library of Congress classification  |i unmediated -- volume  |l 1960  |m A14828835078 
998 f f |a SB211.P8 A57a  |s 1948-1960  |t 0  |l Remote Storage